Las Reglas del método sociológico /
Kaydedildi:
| Yazar: | |
|---|---|
| Diğer Yazarlar: | |
| Materyal Türü: | Metin |
| Baskı/Yayın Bilgisi: |
Bógota:
Ediciones Bógota
|
| Etiketler: |
Etiketle
Etiket eklenmemiş, İlk siz ekleyin!
|
MARC
| LEADER | 00000 a a2200000 04500 | ||
|---|---|---|---|
| 001 | 25926 | ||
| 003 | |||
| 040 | |||
| 090 | |a 174400 | ||
| 100 | |a Durkheim, Emile | ||
| 245 | |a Las Reglas del método sociológico / |c Emile Durkheim | ||
| 260 | |a Bógota: |b Ediciones Bógota | ||
| 300 | |a 144 p. | ||
| 700 | |a Castellanos M, Antonio |a trad. | ||
| 999 | |c 13374 |d 13374 | ||
